[Event "Challenge"]
[Site "http://www.queenalice.com/game.php?id=1765100"]
[Date "2021.7.23"]
[Round "-"]
[White "dpambakian"]
[Black "Kees_Popinga"]
[Result "1-0"]
[WhiteElo "1294"]
[BlackElo "1617"]

1. e4 e5 2. Nf3 d6 3. d3 Nf6 4. Nc3 g6 5. Bg5 Bg7 6. Be2 Nbd7 7. O-O O-O 8. Nh4
c6 9. Bf3 Qb6 10. a4 Qxb2 11. Qd2 Qb6 12. Be3 Qd8 13. d4 a5 14. dxe5 Nxe5 15.
Be2 Qe7 16. Bd4 c5 17. Be3 Nfg4 18. Nf3 Nxf3+ 19. Bxf3 Ne5 20. Nd5 Qd8 21. Be2
Ng4 22. h3 Nxe3 23. Qxe3 Bxa1 24. Rxa1 Be6 25. Nf4 Bd7 26. Rd1 Qf6 27. Nd5 Qe5
28. Qh6 Qxe4 29. Nf6+ Kh8 30. Qxh7# 1-0

[Event "Café "]
[Site "http://www.queenalice.com/game.php?id=1765101"]
[Date "2021.7.23"]
[Round "-"]
[White "Kees_Popinga"]
[Black "Clemente09"]
[Result "1-0"]
[WhiteElo "1652"]
[BlackElo "1491"]

1. e4 Nc6 2. Nf3 f6 3. Bc4 e6 4. c3 d5 5. exd5 exd5 6. Bb5 Bd7 7. Bd3 Bc5 8. O-O
Bg4 9. Be2 d4 10. b4 Bb6 11. h3 Bh5 12. Na3 d3 13. Nc4 dxe2 14. Qxe2+ Ne5 15.
Ncxe5 fxe5 16. Qxe5+ Ne7 17. Qxh5+ g6 18. Qh6 Nf5 19. Qg5 Qd6 20. Bb2 h6 21. Qg4
O-O-O 22. c4 Rhg8 23. c5 Bxc5 24. bxc5 Qxc5 25. Rac1 Qa5 26. a3 h5 27. Qb4 Qa6
28. Bf6 Qxf6 29. Qa5 Rg7 30. Qxa7 Qb2 31. Rb1 Qc2 32. Qxb7+ Kd7 33. Ne5+ Ke8 34.
Qc6+ Qxc6 35. Nxc6 Rxd2 36. Rb8+ Kd7 37. Ne5+ Ke6 38. Re8+ Kf6 39. Nc4 Rd3 40.
Kh2 g5 41. Rfe1 g4 42. R8e6+ Kg5 43. Ne3 g3+ 44. fxg3 Nd4 45. Re5+ Kf6 46. Re8
c5 47. Nd5+ Kg6 48. Nf4+ 1-0

[Event "Challenge"]
[Site "http://www.queenalice.com/game.php?id=1765739"]
[Date "2021.7.30"]
[Round "-"]
[White "Kees_Popinga"]
[Black "dpambakian"]
[Result "1-0"]
[WhiteElo "1584"]
[BlackElo "1303"]

1. d4 d5 2. Nf3 Bf5 3. Bf4 Nc6 4. e3 Na5 5. Bb5+ Bd7 6. Bd3 e6 7. Nc3 Qf6 8. Be5
Qg5 9. Nxg5 O-O-O 10. Nf3 Nh6 11. h3 f6 12. Bh2 Nf7 13. a3 Bd6 14. Nb5 a6 15.
Nc3 e5 16. Nxd5 c6 17. Nb6+ Kc7 18. Nxd7 Rxd7 19. O-O exd4 20. Nxd4 c5 21. Bxd6+
Rxd6 22. Nf5 Rd5 23. e4 Rd7 24. c3 c4 25. b4 Nc6 26. Qf3 Nce5 27. Qf4 Rxd3 28.
Rac1 Ng5 29. h4 Ne6 30. Qh2 g6 31. Ne3 Rhd8 32. h5 g5 33. Qh3 Nf4 34. Qf5 Ne2+
35. Kh2 Nxc1 36. Rxc1 Rd2 37. Qxf6 Nd7 38. Qxg5 Rxf2 39. Ng4 Rd2 40. Nf6 Rd6 41.
Nxh7 Rh8 42. Qg7 Re8 43. Nf6 Rxf6 44. Rd1 Rd8 45. Rxd7+ Kc8 46. Rxb7 Rf4 47.
Qc7# 1-0

[Event "Challenge"]
[Site "http://www.queenalice.com/game.php?id=1766025"]
[Date "2021.8.2"]
[Round "-"]
[White "Kees_Popinga"]
[Black "swampthing"]
[Result "0-1"]
[WhiteElo "1588"]
[BlackElo "1429"]

1. e4 Nf6 2. Nc3 e5 3. Nf3 d6 4. Bd3 c5 5. O-O b6 6. b3 Nc6 7. Bb2 a5 8. Re1 Qd7
9. h3 Nh5 10. Nd5 Qe6 11. Nxb6 Qg6 12. Nxa8 Bxh3 13. Nh4 Qg5 14. g3 Nxg3 15. Ng2
Ne2+ 16. Qxe2 Qxg2# 0-1

[Event "Challenge"]
[Site "http://www.queenalice.com/game.php?id=1766700"]
[Date "2021.8.11"]
[Round "-"]
[White "RAFAELI"]
[Black "Kees_Popinga"]
[Result "0-1"]
[WhiteElo "1590"]
[BlackElo "1568"]

1. e4 e5 2. Qh5 Nf6 3. Qxe5+ Be7 4. Be2 Nc6 5. Qg3 O-O 6. d3 Re8 7. c3 d5 8. e5
Nxe5 9. d4 Ng6 10. h4 h5 11. Bd3 Qd7 12. f3 Bd6+ 13. Kf2 Bxg3+ 14. Kxg3 Qd6+ 15.
Kf2 Nf4 16. Bf1 Bf5 17. Na3 Nd3+ 18. Bxd3 Bxd3 19. Be3 Re7 20. Re1 Rae8 21. Nh3
a6 22. Bf4 Qb6 23. b4 Re2+ 24. Rxe2 Rxe2+ 25. Kg3 Rxa2 26. Bc1 Qd6+ 27. f4 Ne4+
28. Kf3 Qg6 29. Ng5 Nxg5+ 30. hxg5 Qe4+ 0-1

[Event "Challenge"]
[Site "http://www.queenalice.com/game.php?id=1766719"]
[Date "2021.8.12"]
[Round "-"]
[White "LuizFerreira"]
[Black "Kees_Popinga"]
[Result "1-0"]
[WhiteElo "1402"]
[BlackElo "1578"]

1. d4 d5 2. Nc3 Nf6 3. Nf3 g6 4. g3 Bg7 5. b3 O-O 6. h3 Nbd7 7. g4 Ne4 8. Bb2 b6
9. Nxd5 c6 10. Ne3 c5 11. Qd3 Nef6 12. Qb5 a6 13. Qc6 Bb7 14. Qxb7 Qc8 15. Qxc8
Raxc8 16. c3 e6 17. Ba3 Nd5 18. Nc4 Nxc3 19. Bb2 Nb5 20. e3 Nf6 21. Bd3 Rcd8 22.
Nxb6 cxd4 23. exd4 Nd7 24. Nc4 f5 25. Na3 Nxa3 26. Bxa3 Rf7 27. Bb2 Ra8 28. Ng5
Re7 29. Bc4 Kf8 30. Nxh7+ Kg8 31. Ng5 Bh6 32. Nf3 Bg7 33. Ba3 Ree8 34. Bb2 Nb6
35. Bd3 Rf8 36. Bc4 Nxc4 37. bxc4 a5 38. Bc3 a4 39. Bb2 Rab8 40. Ba3 Rfd8 41.
Rd1 Bf8 42. Bc1 Rb4 43. Ne5 Rc8 44. Bd2 Rb7 45. Bg5 Rb2 46. Rc1 Ba3 47. Kf1 Rxa2
48. Rc3 Bb2 49. Rc2 a3 50. Nxg6 Ra1+ 51. Kg2 Ra2 52. Ne7+ Kg7 53. Nxc8 1-0

[Event "Challenge"]
[Site "http://www.queenalice.com/game.php?id=1766819"]
[Date "2021.8.13"]
[Round "-"]
[White "peaceman"]
[Black "Kees_Popinga"]
[Result "1-0"]
[WhiteElo "1174"]
[BlackElo "1462"]

1. e4 e5 2. Nf3 d6 3. Bd3 Nf6 4. c4 g6 5. b3 Bg7 6. Bb2 O-O 7. Ng5 Bg4 8. Be2
Bd7 9. d3 b5 10. Qd2 a6 11. Nc3 c6 12. f3 bxc4 13. dxc4 c5 14. Qxd6 Ne8 15. Qd5
Nc7 16. Qb7 Nc6 17. Na4 Rb8 18. Qxb8 Nxb8 19. h4 Qe7 20. Bc1 Na8 21. Be3 Rc8 22.
O-O f6 23. Nxc5 Be8 24. Nxh7 Kxh7 25. Rad1 Nc6 26. a3 Bh6 27. Nxa6 Qxa3 28. Nc5
Nd4 29. Bxh6 Kxh6 30. Ra1 Qxc5 31. Ra2 Nxe2+ 32. Kh2 Qe3 33. Re1 Qf4+ 34. Kh1
Ng3+ 35. Kg1 Qxh4 36. Rd1 Qh1+ 37. Kf2 Qxd1 38. Kxg3 Qb1 39. Ra6 1-0

[Event "Challenge"]
[Site "http://www.queenalice.com/game.php?id=1767090"]
[Date "2021.8.16"]
[Round "-"]
[White "Kees_Popinga"]
[Black "dpambakian"]
[Result "1-0"]
[WhiteElo "1589"]
[BlackElo "1298"]

1. d4 d5 2. Nf3 Bf5 3. Bf4 Nc6 4. e3 Nf6 5. Bd3 Nh5 6. Be5 e6 7. Nc3 Bd6 8. e4
dxe4 9. Bxe4 Bg4 10. d5 exd5 11. Bxd5 Bxe5 12. O-O Nb4 13. Nxe5 Bf5 14. Qxh5 g6
15. Qf3 O-O 16. Bxb7 Rb8 17. Rad1 Qe7 18. a3 Nxc2 19. Nc6 Qe8 20. Nxb8 Qxb8 21.
Ne2 Re8 22. Nd4 Nxd4 23. Rxd4 Bc2 24. Rb4 Qd8 25. h3 h5 26. Bc6 Re6 27. Bd5 Rf6
28. Rf4 g5 29. Rxf6 Kf8 30. Rxf7+ Ke8 31. Bc6+ Qd7 32. Rxd7 a5 33. Qf7# 1-0

[Event "josh_hhnn"]
[Site "http://www.queenalice.com/game.php?id=1767173"]
[Date "2021.8.17"]
[Round "3"]
[White "Kees_Popinga"]
[Black "ChrisBidlack"]
[Result "0-1"]
[WhiteElo "1585"]
[BlackElo "1374"]

1. d4 d5 2. Nf3 Bg4 3. Nbd2 e6 4. g3 Nf6 5. Bg2 Bd6 6. O-O O-O 7. b3 Nc6 8. Bb2
h5 9. h4 Qe7 10. c4 dxc4 11. Nxc4 Rfd8 12. Qc2 Nb4 13. Qc1 Nbd5 14. Nce5 Bxf3
15. Bxf3 Kh7 16. Qc2+ g6 17. Rad1 c6 18. Nc4 Qc7 19. Nxd6 Qxd6 20. a3 Rd7 21.
Rd2 Re8 22. Qc5 b6 23. Qxd6 Rxd6 24. Rfd1 Ng4 25. b4 f5 26. Bc1 f4 27. Kg2 fxg3
28. fxg3 Nde3+ 29. Kh3 Nf2+ 30. Kh2 Nexd1 31. e3 Nxe3 32. Rxf2 Nf5 33. Be4 Rxd4
34. Bxc6 Rc8 0-1

[Event "Challenge"]
[Site "http://www.queenalice.com/game.php?id=1767639"]
[Date "2021.8.22"]
[Round "-"]
[White "Kees_Popinga"]
[Black "Belle1996"]
[Result "1-0"]
[WhiteElo "1577"]
[BlackElo "980"]

1. d4 d5 2. Nf3 Nf6 3. Bf4 e6 4. e3 Bd6 5. Bd3 Bb4+ 6. c3 Ba5 7. O-O O-O 8. b3
Nc6 9. Re1 Bxc3 10. Nxc3 Bd7 11. e4 Qe7 12. e5 Qa3 13. exf6 gxf6 14. Qc1 Qxc1
15. Raxc1 a5 16. Na4 h6 17. Bxh6 Rfe8 18. Nc5 e5 19. dxe5 fxe5 20. Nh4 Nd4 21.
Nxd7 Red8 22. Nxe5 f6 23. Ng4 Nb5 24. Nxf6+ Kf7 25. Ng4 Nd4 26. Ne5+ Ke6 27.
Nef3+ Kd7 28. Ne5+ Kd6 29. Nf7+ Kd7 30. Bf4 Rf8 31. Rxc7# 1-0

[Event "Challenge"]
[Site "http://www.queenalice.com/game.php?id=1768233"]
[Date "2021.8.29"]
[Round "-"]
[White "Derik_vd_Heever"]
[Black "Kees_Popinga"]
[Result "1-0"]
[WhiteElo "1423"]
[BlackElo "1499"]

1. e4 e5 2. Nf3 d6 3. Nc3 c6 4. g3 Nf6 5. Bg2 g6 6. O-O Bg7 7. d4 Nbd7 8. d5 O-O
9. Qe2 Qc7 10. Bg5 b6 11. Qc4 c5 12. b4 Re8 13. Nb5 Qb8 14. Bh3 Nf8 15. Bxc8
Qxc8 16. Nxd6 Qh3 17. Nxe8 Nxe8 18. Rad1 Nd6 19. Qc3 Nxe4 20. Qc4 Nd6 21. Qa6 h6
22. Be7 1-0

[Event "Challenge"]
[Site "http://www.queenalice.com/game.php?id=1768251"]
[Date "2021.8.30"]
[Round "-"]
[White "Kees_Popinga"]
[Black "Derik_vd_Heever"]
[Result "0-1"]
[WhiteElo "1480"]
[BlackElo "1442"]

1. d4 d5 2. Nf3 Nf6 3. Bf4 g6 4. e3 Bg7 5. Nbd2 O-O 6. Bd3 Nc6 7. c3 Qd7 8. h3
a6 9. O-O b5 10. a3 Qe6 11. Ng5 Qd7 12. Qf3 Bb7 13. b4 a5 14. e4 Bh6 15. Rfe1
Ba6 16. a4 axb4 17. cxb4 Nxb4 18. Bb1 Qc6 19. exd5 Nfxd5 20. Bg3 Bxg5 0-1

[Event "Challenge"]
[Site "http://www.queenalice.com/game.php?id=1768405"]
[Date "2021.8.31"]
[Round "-"]
[White "dpambakian"]
[Black "Kees_Popinga"]
[Result "0-1"]
[WhiteElo "1298"]
[BlackElo "1567"]

1. e4 e5 2. Bc4 Qf6 3. Nh3 d6 4. O-O Bxh3 5. gxh3 Qg6+ 6. Kh1 Nf6 7. Nc3 Nxe4 8.
Nd5 Nxf2+ 9. Rxf2 Qe4+ 10. Kg1 Qxc4 11. Ne3 Qh4 12. Rg2 Qxh3 13. Rg3 Qe6 14. d3
Nc6 15. c3 O-O-O 16. a4 Na5 17. b4 Nb3 18. Ra3 Nxc1 19. Qxc1 d5 20. c4 Bxb4 21.
Rb3 Bd6 22. cxd5 Qh6 23. Qc4 e4 24. Qxe4 Bxg3 25. Qg4+ Rd7 26. Nf5 Qc1+ 27. Kg2
Qc2+ 28. Kxg3 Qxb3 29. Ne7+ Kd8 30. Nf5 Qxd3+ 31. Kh4 Rxd5 32. Qg5+ Kc8 33. Ne7+
Kb8 34. Nxd5 Qd4+ 35. Kh5 h6 36. Qxg7 Qxg7 37. Ne7 Qg5# 0-1

[Event "Challenge"]
[Site "http://www.queenalice.com/game.php?id=1768435"]
[Date "2021.9.1"]
[Round "-"]
[White "dpambakian"]
[Black "Kees_Popinga"]
[Result "0-1"]
[WhiteElo "1301"]
[BlackElo "1572"]

1. e4 e5 2. Bc4 Qf6 3. Nh3 d6 4. O-O Bxh3 5. Nc3 Qg6 6. Qf3 Qxg2+ 7. Qxg2 Bxg2
8. Kxg2 Nf6 9. a4 g6 10. Bb5+ Nc6 11. Ra3 Bg7 12. d3 O-O 13. Bg5 Nd4 14. Bc4
Nxc2 15. Rb3 b6 16. Rc1 Nd4 17. Rb4 a5 18. Rb5 Nxb5 19. Bxb5 h6 20. Bh4 Rfc8 21.
Nd5 Nxd5 22. Bc4 Nb4 23. Re1 Nc2 24. Re2 Nd4 25. Re3 Nc6 26. Rf3 Rf8 27. d4 Nxd4
28. Rg3 Rac8 29. Ba6 Rb8 30. Rc3 c6 31. f4 b5 32. axb5 cxb5 33. fxe5 Bxe5 34.
Be7 Rfe8 35. Bh4 Ne6 36. Rh3 Bxb2 37. e5 Nf4+ 38. Kg3 Nxh3 39. Kxh3 Rxe5 40. Bg3
Re3 41. Kh4 h5 42. Bf4 Re4 43. Kg3 Be5 44. Bxe5 Rxe5 45. Kf4 Rbe8 46. Bxb5 Rxb5
47. Kg3 Re4 48. Kf3 Ra4 49. Ke3 Rb3+ 50. Kd2 Ra2+ 51. Kc1 Rf3 52. Kb1 Rxh2 53.
Kc1 Rf1# 0-1

[Event "Challenge"]
[Site "http://www.queenalice.com/game.php?id=1768564"]
[Date "2021.9.3"]
[Round "-"]
[White "Kees_Popinga"]
[Black "RAFAELI"]
[Result "0-1"]
[WhiteElo "1593"]
[BlackElo "1614"]

1. d4 e6 2. Nf3 f6 3. Bf4 g5 4. Bg3 h5 5. h4 g4 6. Nh2 c6 7. e4 Qb6 8. Nc3 Qxb2
9. Ne2 Bb4+ 10. c3 Bxc3+ 11. Nxc3 Qxc3+ 12. Ke2 b6 13. Rc1 Ba6+ 0-1

[Event "Challenge"]
[Site "http://www.queenalice.com/game.php?id=1769398"]
[Date "2021.9.10"]
[Round "-"]
[White "Kees_Popinga"]
[Black "LuizFerreira"]
[Result "0-1"]
[WhiteElo "1585"]
[BlackElo "1394"]

1. d4 d5 2. Nf3 Nc6 3. Bf4 g6 4. e3 Nf6 5. Nbd2 e6 6. Bb5 Bd7 7. O-O Na5 8. Bd3
Nh5 9. b4 Nc6 10. c3 a6 11. Bg5 Be7 12. Bh6 g5 13. Nxg5 Bxg5 14. Bxg5 Qxg5 15.
Nf3 Qf6 16. Qe2 e5 17. dxe5 Nxe5 18. Nxe5 Qxe5 19. c4 Nf6 20. c5 Bg4 21. Qc2 O-O
22. Rfe1 c6 23. e4 Qd4 24. Be2 Bd7 25. Rab1 Nxe4 26. Bf3 Nd2 27. Rbd1 Nxf3+ 28.
Kf1 Nxh2+ 29. Kg1 Qf4 30. g3 Qh6 31. f3 Nxf3+ 32. Kf2 Nh2 33. Rh1 Ng4+ 34. Ke2
Qe6+ 35. Kf3 Qf6+ 36. Ke2 Rfe8+ 37. Kd2 Qg5+ 38. Kc3 Ne3 39. Qc1 Qf6+ 40. Kb3
Nc4 41. Rhf1 Qg6 42. Rfe1 Rf8 43. Qc2 Bf5 44. Qf2 a5 45. bxa5 Rxa5 46. g4 Ra3+
47. Kb4 Ra6 48. Qxf5 Qg7 49. Rd3 Qb2+ 50. Rb3 Qxa2 51. Qf3 Qd2+ 52. Qc3 Qa2 53.
Ra1 Ra4# 0-1

[Event "Challenge"]
[Site "http://www.queenalice.com/game.php?id=1769884"]
[Date "2021.9.14"]
[Round "-"]
[White "Kees_Popinga"]
[Black "dpambakian"]
[Result "1-0"]
[WhiteElo "1579"]
[BlackElo "1321"]

1. e4 e5 2. Nf3 Bc5 3. d4 Bb4+ 4. c3 Ba5 5. Nxe5 d6 6. Nf3 Nf6 7. Nbd2 O-O 8.
Bc4 Nc6 9. O-O d5 10. Bd3 Bg4 11. h3 Bh5 12. Qb3 dxe4 13. Nxe4 Nd7 14. Ng3 Bxf3
15. gxf3 Qf6 16. Be4 Ne7 17. Kg2 g5 18. Nh5 Qh6 19. Ng3 Nf6 20. Nf5 Nxf5 21.
Bxf5 c6 22. Qxb7 Nd5 23. Qa6 Bc7 24. Qc4 Qh4 25. Qxc6 Rad8 26. b3 Nf4+ 27. Kh2
Ne2+ 28. Qxc7 Rd5 29. Bg4 h5 30. Qc4 hxg4 31. fxg4 Rfd8 32. Qxe2 Kf8 33. Be3 a5
34. Rg1 a4 35. Rg3 axb3 36. axb3 f5 37. c4 fxg4 38. Qxg4 Qh7 39. Bxg5 Re8 40.
cxd5 Re2 41. Qxe2 Qg7 42. Qe7+ Kg8 43. Qxg7+ Kxg7 44. Bd2+ Kf6 45. Ra6+ Kf5 46.
Re3 Kf4 47. Rf6+ Kg5 48. Ree6+ Kh4 49. Rh6# 1-0

[Event "Challenge"]
[Site "http://www.queenalice.com/game.php?id=1770956"]
[Date "2021.9.27"]
[Round "-"]
[White "krystian"]
[Black "Kees_Popinga"]
[Result "1-0"]
[WhiteElo "1547"]
[BlackElo "1573"]

1. e4 e5 2. Nf3 d6 3. Nc3 Nf6 4. Bc4 h6 5. d3 Be7 6. O-O O-O 7. d4 Nbd7 8. Be3
Nh5 9. dxe5 Nxe5 10. Nxe5 dxe5 11. Qxh5 Bg5 12. f4 exf4 13. Bxf4 Bxf4 14. Rxf4
Qg5 15. Qf3 Be6 16. Bd3 Rad8 17. Re1 c6 18. e5 f6 19. exf6 Rxf6 20. Rxf6 gxf6
21. Rxe6 1-0

[Event "Challenge"]
[Site "http://www.queenalice.com/game.php?id=1771014"]
[Date "2021.9.28"]
[Round "-"]
[White "Belle1996"]
[Black "Kees_Popinga"]
[Result "1-0"]
[WhiteElo "986"]
[BlackElo "1529"]

1. e4 e5 2. Nf3 d6 3. d3 Nf6 4. Nc3 c6 5. Be2 Be6 6. O-O g6 7. Bg5 Nbd7 8. Qd2
Bg7 9. a3 O-O 10. h3 h6 11. Nh4 Qb6 12. Bg4 Nxg4 13. hxg4 Bxg4 14. Be7 Rfe8 15.
Ne2 Rxe7 16. Qb4 Bxe2 17. Rfe1 Qxb4 18. Rxe2 Qxb2 19. Rd1 Qxa3 20. c4 b5 21. Nf3
bxc4 22. dxc4 1-0

[Event "Challenge"]
[Site "http://www.queenalice.com/game.php?id=1771525"]
[Date "2021.10.5"]
[Round "-"]
[White "LuizFerreira"]
[Black "Kees_Popinga"]
[Result "1-0"]
[WhiteElo "1388"]
[BlackElo "1434"]

1. d4 d5 2. Nc3 Nf6 3. Nf3 e6 4. b3 Bd6 5. g3 c6 6. Bg5 Nbd7 7. e3 h6 8. Bf4 Bb4
9. Qd2 Ne4 10. Qc1 Bxc3+ 11. Ke2 Bxa1 12. Qxa1 b6 13. Ne5 Nxe5 14. Bxe5 c5 15.
Bxg7 Rg8 16. Bxh6 Qf6 17. Bf4 b5 18. f3 Ng5 19. Kd1 Nxf3 20. Bg2 Ng5 21. Qc3 Ne4
22. Be5 Nxc3+ 23. Kd2 Qf2+ 24. Kxc3 Qxg2 25. Rd1 Qxh2 26. dxc5 Rg5 27. Bf4 Qh8+
28. Kd2 Rh5 29. Kc1 Rh1 30. c6 Rxd1+ 31. Kxd1 Qa1+ 32. Kd2 Qxa2 33. Kc3 Qa6 34.
c7 Qc6+ 35. Kb2 f6 36. g4 1-0